000 00702nam a2200241Ia 4500
003 OSt
005 20220926004244.0
006 a|||||r|||| 00| 0
007 ta
008 220923b |||||||| |||| 00| 0 eng d
037 _cGeneral Book
040 _aRTL
_cRTL
_beng
041 _2eng
_aeng
082 _aV41:19.44Q70k44Q71.N7, L4/Q7
100 _aJain J P
245 0 _aChina, Pakistan and Bangla Desh
260 _a New Delhi
_bRadiant
_c1974
300 _avii, 270p
_ccm.
500 _aBibliography: P 258-63; Appendix: P 252-57
650 _aChina History
942 _hV41:19.44Q70k44Q71.N7, L4/Q7
_cGB
_2CC
999 _c610398
_d610398